[Event "Acropolis Open"]
[Site "Athens GRE"]
[Date "2008.08.11"]
[Round "3"]
[White "Caselas Cabanas,J"]
[Black "Romanishin,O"]
[Result "1/2-1/2"]
[WhiteElo "2418"]
[BlackElo "2530"]

1.d4 Nf6 2.Bg5 d5 3.e3 Nbd7 4.Nf3 c6 5.c3 Ne4 6.Bf4 g6 7.Nbd2 Nxd2 8.Qxd2 Nf6
9.Bd3 Bg7 10.Qc2 O-O 11.O-O Bg4 12.Ne5 Be6 13.h3 Nd7 14.Nxd7 Qxd7 15.e4 Rac8
16.Rad1 dxe4  1/2-1/2

[Event "IV RC Sport Open"]
[Site "Ceska Trebova CZE"]
[Date "2008.08.11"]
[Round "5"]
[White "Kireev,Al"]
[Black "Votava,P"]
[Result "1-0"]
[WhiteElo "2387"]
[BlackElo "2128"]

1.d4 d5 2.Bg5 Nf6 3.e3 e6 4.Nd2 Be7 5.Bd3 O-O 6.c3 Nbd7 7.f4 b6 8.Ngf3 Bb7
9.O-O h6 10.Bh4 Ne4 11.Bxe7 Qxe7 12.Ne5 c5 13.Rf3 Nxe5 14.fxe5 f5 15.Qe2 a5
16.Raf1 Nxd2 17.Qxd2 Ba6 18.Bxa6 Rxa6 19.g4 g6 20.gxf5 Rxf5 21.Rg3 Kh7 22.Rxf5 gxf5
23.Qe2 Ra8 24.Qb5 cxd4 25.Qc6 Rf8 26.cxd4 f4 27.Qc2+ Kh8 28.exf4 Rxf4 29.Qg6 Qf8
30.Qxe6 Rf1+ 31.Kg2 Rf2+ 32.Kh3 Rd2 33.Qf6+ Qxf6 34.exf6 Rf2 35.Rg6 Kh7 36.Rg7+ Kh8
37.Kg3 Rxf6 38.Rd7 Kg8 39.Rxd5 Kf7 40.Re5 Rd6 41.d5 Kf6 42.Kf4 Kf7 43.h4 Rf6+
44.Rf5 Kg6 45.h5+  1-0

[Event "Open"]
[Site "Davos SUI"]
[Date "2008.08.11"]
[Round "2"]
[White "Curien,N"]
[Black "Tillmann,Marc"]
[Result "1-0"]
[WhiteElo "2235"]
[BlackElo "1982"]

1.d4 Nf6 2.Bg5 d5 3.e3 e6 4.Nd2 Be7 5.Bd3 O-O 6.Bxf6 Bxf6 7.f4 b6 8.Qh5 g6
9.Qe2 c5 10.c3 a5 11.Ngf3 Ba6 12.Bxa6 Nxa6 13.h4 Qc7 14.Ne5 c4 15.Ndf3 b5
16.h5 b4 17.Ng4 Be7 18.Qf2 bxc3 19.bxc3 Qb7 20.Ng5 Rab8 21.Qh4 Qb2 22.hxg6 Qxc3+
23.Kf2 Qc2+ 24.Kg3 Qxg6 25.Qxh7+ Qxh7 26.Nxh7 Rfd8 27.Rh6 c3 28.Rah1 c2 29.Ng5 Bxg5
30.Rh8+ Kg7 31.R1h7+ Kg6 32.Ne5+ Kf5 33.Kf3 Rf8 34.Rh6 Bxh6 35.Rxh6 Rg8 36.g4+ Rxg4
37.Nxg4  1-0

[Event "ch-Euro Seniors"]
[Site "Davos SUI"]
[Date "2008.08.11"]
[Round "3"]
[White "Cebalo,M"]
[Black "Keserovic,M"]
[Result "1-0"]
[WhiteElo "2523"]
[BlackElo "2229"]

1.d4 Nf6 2.Bg5 g6 3.Bxf6 exf6 4.e3 Bg7 5.c4 O-O 6.Nc3 Re8 7.g3 d6 8.Bg2 c6
9.Nge2 Na6 10.O-O Nc7 11.b4 f5 12.b5 cxb5 13.cxb5 Rb8 14.Rb1 Bd7 15.Qb3 a6
16.b6 Ne6 17.Rfc1 Ng5 18.Bd5 Be6 19.Kg2 Ne4 20.Nxe4 fxe4 21.Nf4 Bxd5 22.Qxd5 Re7
23.h4 Bf8 24.h5 Kg7 25.hxg6 hxg6 26.Rh1 Rd7 27.Rh3 Qf6 28.Rbh1 Kg8 29.Qxe4 Bg7
30.Nd5 Qe6 31.Qf3 Rc8 32.Rh4 Re8 33.Nc7  1-0

[Event "Open"]
[Site "Stare Mesto CZE"]
[Date "2008.08.12"]
[Round "6"]
[White "Lundeby,O"]
[Black "Burda,J"]
[Result "1-0"]
[WhiteElo "2233"]
[BlackElo "1987"]

1.d4 Nf6 2.Bg5 d5 3.Bxf6 exf6 4.e3 Bd6 5.c4 dxc4 6.Bxc4 a6 7.Nc3 b5 8.Bd5 c6
9.Bf3 Qb6 10.Rc1 O-O 11.Nge2 Rd8 12.O-O Nd7 13.Ne4 Bf8 14.Qc2 Bb7 15.Nf4 Rac8
16.Nd3 a5 17.Nec5 Nxc5 18.Nxc5 Ba8 19.Qf5 Be7 20.Qh3 g6 21.g4 Rc7 22.Qg2 Kg7
23.Be4 Rcc8 24.Rc2 Rd6 25.Rfc1 Qc7 26.Nd3 Qd7 27.Nc5 Qe8 28.f4 Rdd8 29.Qf3 Kg8
30.Kf2 Bf8 31.h4 Be7 32.Rh1 Kg7 33.h5 g5 34.fxg5 fxg5 35.h6+ Kh8 36.Qf5  1-0

[Event "Open"]
[Site "Davos SUI"]
[Date "2008.08.13"]
[Round "4"]
[White "Curien,N"]
[Black "Bigg,A"]
[Result "1/2-1/2"]
[WhiteElo "2235"]
[BlackElo "2257"]

1.d4 Nf6 2.Bg5 c5 3.Bxf6 gxf6 4.d5 Qb6 5.Qc1 f5 6.c4 Bg7 7.Nc3 d6 8.e3 Nd7
9.Qc2 Ne5 10.Nh3 Rg8 11.Be2 Bd7 12.a3 Ng6 13.O-O Be5 14.f4 Bf6 15.Kh1 Rg7
16.Bd3 e6 17.e4 fxe4 18.Bxe4 O-O-O 19.dxe6 fxe6 20.f5 exf5 21.Bxf5 Bxc3 22.Qxc3 Rdg8
23.Bxd7+ Kxd7 24.Ng5 Kc8 25.Ne6 Re7 26.Nf4 Nxf4 27.Rxf4 Qc6 28.Qh3+ Kc7 29.Raf1 Qe8  1/2-1/2

[Event "Acropolis Open"]
[Site "Athens GRE"]
[Date "2008.08.14"]
[Round "6"]
[White "Stefanopoulos,O"]
[Black "Stefanidi,M1"]
[Result "1-0"]
[WhiteElo "2279"]
[BlackElo "2095"]

1.d4 Nf6 2.Bg5 d5 3.Bxf6 gxf6 4.e3 e5 5.c4 c6 6.Nc3 Be6 7.Qb3 Qd7 8.Nf3 e4
9.Nd2 Rg8 10.O-O-O f5 11.Qc2 f6 12.g3 Kf7 13.a3 Be7 14.Ne2 Kg7 15.Nf4 Bf7
16.Be2 Na6 17.Bh5 Rgc8 18.Bxf7 Kxf7 19.Qb3 Nc7 20.Rdg1 a5 21.Qd1 Bd6 22.c5 Bxf4
23.gxf4 Rg8 24.Qh5+ Ke6 25.Rg3 Na6 26.Rhg1 Rxg3 27.Rxg3 Rf8 28.Rh3 Rf7 29.Nf1 b5
30.Ng3 Ke7 31.Qxf7+ Kxf7 32.Rxh7+ Ke6 33.Rxd7 Kxd7 34.Nxf5 a4 35.h4 Nc7 36.h5 Ne6
37.h6 Nf8 38.Nd6 Nh7 39.Kd2 Ke6 40.f5+ Ke7 41.Kc3 Kf8 42.Kb4 Ng5 43.Nxb5 Nh3
44.Nc3 Nxf2 45.Kxa4 Ng4 46.h7 Kg7 47.Nd1 Nh6 48.b4  1-0

[Event "WCh-Junior Girls"]
[Site "Gaziantep TUR"]
[Date "2008.08.14"]
[Round "12"]
[White "Corke,A"]
[Black "Borosova,Z"]
[Result "1-0"]
[WhiteElo "2255"]
[BlackElo "2254"]

1.d4 Nf6 2.Bg5 d5 3.Bxf6 exf6 4.e3 Bd6 5.c4 dxc4 6.Bxc4 f5 7.Nf3 O-O 8.O-O Nd7
9.Nc3 Nf6 10.Qc2 c6 11.Rfd1 Qe7 12.Bd3 g6 13.a3 Be6 14.h3 Nd5 15.Na4 Nf6
16.Nc3 Nd5 17.Nb1 Nb6 18.Nbd2 Bd5 19.b4 a5 20.bxa5 Rxa5 21.Rdb1 Bc7 22.a4 Rfa8
23.Ne5 Bxe5 24.dxe5 Nxa4 25.Nc4 Bxc4 26.Bxc4 b5 27.Be2 Qc5 28.Qd2 Qxe5 29.Bf3 R5a6
30.Rc1 Rc8 31.Ra3 Nc5 32.Rxc5 Qxc5 33.Rxa6 b4 34.Qd7 Qf8 35.Rxc6 Rxc6 36.Bxc6 b3
37.Qb7 Qa3 38.Bd5 Qa1+ 39.Kh2 Qe5+ 40.g3 Qf6 41.Bxb3 h5 42.h4 Kg7 43.Qd7 Kg8
44.Bc4 Kf8 45.Ba2 Kg8 46.Qe8+ Kg7 47.Bd5  1-0

[Event "Open"]
[Site "Stare Mesto CZE"]
[Date "2008.08.14"]
[Round "8"]
[White "Karhanek,P"]
[Black "Jurcik,Mart"]
[Result "0-1"]
[WhiteElo "2196"]
[BlackElo "2352"]

1.d4 Nf6 2.Bg5 c5 3.Bxf6 gxf6 4.d5 Qb6 5.Qc1 f5 6.c4 Bh6 7.e3 f4 8.exf4 Bxf4
9.Qxf4 Qxb2 10.Ne2 Qxa1 11.Nc3 d6 12.Qd2 a6 13.Be2 b5 14.cxb5 axb5 15.Bxb5+ Bd7
16.Bd3 Ra7 17.O-O Rb7 18.Re1 h6 19.Qe3 Bc8 20.Nd2 Qb2 21.Bg6 Qb4 22.Nde4 Kd8
23.Bxf7 Qd4 24.Qg3 Rf8 25.Bh5 Nd7 26.Bg4 Nf6 27.Nxf6 Qxf6 28.Bxc8 Kxc8 29.h3 Qf4
30.Re3 Qxg3 31.Rxg3 Rb2 32.f3 Kd7 33.a4 Rc2 34.Ne4 c4 35.Rg6 c3 36.Rxh6 Rc1+  0-1

[Event "ch-Euro Seniors"]
[Site "Davos SUI"]
[Date "2008.08.15"]
[Round "7"]
[White "Chernikov,O1"]
[Black "Vucenovic,D"]
[Result "1/2-1/2"]
[WhiteElo "2406"]
[BlackElo "2313"]

1.d4 Nf6 2.Bg5 d5 3.Bxf6 exf6 4.e3 c6 5.Nd2 Qb6 6.Qc1 Be6 7.Bd3 Nd7 8.Ne2 c5
9.c3 f5 10.O-O c4 11.Bc2 Bd6 12.g3 O-O 13.Nf4 Nf6 14.Bd1 Qc7 15.Nh5 Nxh5
16.Bxh5 b5 17.Be2 a5 18.Kg2 g6 19.Re1 Kg7 20.f3 Rae8 21.Bd1 h5 22.Bc2 f6
23.Re2 Rh8 24.f4 Bd7 25.Nf3 Re7 26.Qd2 b4 27.Rae1 Rb8 28.Qd1 Qc6 29.h3 a4
30.cxb4 Bxb4 31.Rg1 Bd6 32.Bb1 a3 33.bxa3 Bxa3 34.Nh4 Qa4 35.Bc2 Qb4 36.g4 hxg4
37.hxg4 Rh8 38.Rh1 Rhe8 39.gxf5 Rxe3 40.Rxe3 Rxe3 41.Nxg6 Qc3 42.Rh7+ Kg8
43.Rh8+ Kg7 44.Rh7+ Kg8  1/2-1/2

[Event "Independence Cup A"]
[Site "Kyiv UKR"]
[Date "2008.08.15"]
[Round "3"]
[White "Panchenko,AG"]
[Black "Dovzhenko,A"]
[Result "1-0"]
[WhiteElo "2332"]
[BlackElo "1990"]

1.d4 Nf6 2.Bg5 d5 3.Bxf6 exf6 4.e3 Bd6 5.c4 dxc4 6.Bxc4 f5 7.Nc3 O-O 8.Nf3 a6
9.Qc2 Nc6 10.a3 Ne7 11.g3 b5 12.Be2 Bb7 13.O-O Qd7 14.Nh4 f4 15.Bf3 Bxf3
16.Nxf3 Qg4 17.Kg2 fxg3 18.hxg3 Nf5 19.Ne4 Rfe8 20.Nxd6 cxd6 21.Rae1 Rac8
22.Qd3 d5 23.Rh1 f6 24.Nh4 Nd6 25.Rc1 Qe4+ 26.Qxe4 dxe4 27.Rc5 Rxc5 28.dxc5 Nc4
29.b4 Nxa3 30.Nf5 Nc4 31.Ra1 g6 32.Nd4 Ra8 33.Nxb5 Rb8 34.Nc7 Rxb4 35.Nd5 Rb5
36.Nxf6+ Kf7 37.Nxe4 a5 38.Rc1 Rb4 39.Rxc4  1-0

[Event "ch-SCCF State"]
[Site "Los Angeles USA"]
[Date "2008.08.16"]
[Round "2"]
[White "Lawrence,Dan"]
[Black "Sevillano,E"]
[Result "0-1"]
[WhiteElo "2046"]
[BlackElo "2505"]

1.d4 Nf6 2.Bg5 d5 3.Bxf6 exf6 4.e3 Bd6 5.c4 dxc4 6.Bxc4 O-O 7.Nc3 a6 8.Nge2 f5
9.Qc2 Nc6 10.a3 Rb8 11.Bd3 g6 12.h4 b5 13.h5 b4 14.hxg6 bxc3 15.gxh7+ Kh8
16.Qxc3 Qf6 17.f4 Ne7 18.Bc4 Bb7 19.Kf2 Nd5 20.Qd2 Qg6 21.Bxd5 Bxd5 22.Rh2 Rb3
23.Nc1 Rb7 24.Nd3 Rfb8 25.b4 f6 26.Rc1 c6 27.Qe2 Rg7 28.Ne1 Re8 29.Rh3 Bxg2
30.Rf3 Bxf3 31.Qxf3 Qg1+ 32.Ke2 Rg3  0-1

[Event "Liga Nacional Ajedrez"]
[Site "Villa Martelli ARG"]
[Date "2008.08.16"]
[Round "2"]
[White "Liascovich,L"]
[Black "Julia,E"]
[Result "1-0"]
[WhiteElo "2435"]
[BlackElo "2367"]

1.d4 Nf6 2.Bg5 c5 3.d5 Qb6 4.Nc3 Qxb2 5.Bd2 Qb6 6.e4 d6 7.f4 e5 8.fxe5 dxe5
9.Nf3 Bd6 10.Bc4 a6 11.O-O Bg4 12.h3 Bh5 13.a4 Nbd7 14.Qe2 Qc7 15.a5 O-O
16.g4 Bg6 17.Nh4 Kh8 18.Kh1 Qd8 19.Nf5 Bxf5 20.exf5 e4 21.g5 Ne8 22.Nxe4 Be5
23.c3 Nd6 24.Bd3 c4 25.Bc2 Nxe4 26.Qxe4 Re8 27.f6 Nf8 28.Ba4 Nd7 29.Qf5 Nc5
30.fxg7+ Bxg7 31.Bxe8 Qxe8 32.Rae1 Qg8 33.Re7 Rd8 34.h4 Re8 35.d6  1-0

[Event "Acropolis Open"]
[Site "Athens GRE"]
[Date "2008.08.17"]
[Round "9"]
[White "Stefanopoulos,O"]
[Black "Papadopoulou,V"]
[Result "1/2-1/2"]
[WhiteElo "2279"]
[BlackElo "2210"]

1.d4 Nf6 2.Bg5 d5 3.Bxf6 exf6 4.e3 Bd6 5.c4 dxc4 6.Bxc4 f5 7.Nd2 Nd7 8.Ngf3 O-O
9.O-O c6 10.Qc2 Nf6 11.Bd3 g6 12.Nc4 Bc7 13.b4 Be6 14.Rfc1 Bd5 15.Rab1 Ne4
16.Rb2 Ng5 17.Nxg5 Qxg5 18.Bf1 Rfe8 19.Ne5 Qe7 20.Nd3 Qh4 21.h3 Rac8  1/2-1/2

[Event "Jessie Gilbert Celebration Int"]
[Site "Coulsdon ENG"]
[Date "2008.08.17"]
[Round "2"]
[White "Paulmichl,M"]
[Black "Williams,Pe"]
[Result "1/2-1/2"]
[WhiteElo "2099"]
[BlackElo "1867"]

1.d4 d5 2.Bg5 Nf6 3.Bxf6 exf6 4.e3 c6 5.Nd2 Bf5 6.g3 Bd6 7.Bg2 O-O 8.Ne2 Qd7
9.O-O Bh3 10.c4 dxc4 11.Nxc4 Bxg2 12.Kxg2 Bc7 13.Nc3 b5 14.Nd2 Na6 15.Qe2 Nb4
16.Rfc1 f5 17.a3 Nd5 18.Nxd5 cxd5 19.Rc5 b4 20.axb4 Bb6 21.Qb5 Qxb5 22.Rxb5 Rac8
23.Nb3 Rc2 24.Nc5 Rxb2 25.Nd7 Rc8 26.Nxb6 axb6 27.Rxb6 g6 28.Rb5 Rcc2 29.Rf1 Kg7
30.h4 h6 31.Ra5 Re2 32.Kf3 g5 33.hxg5 hxg5 34.Rxd5 g4+ 35.Kg2 Rxe3 36.Rxf5 Re4
37.Rf4 Rxf4 38.gxf4 Rxb4 39.Rd1 Kf8 40.Kg3 f5 41.Rd3 Kf7 42.d5 Rb7 43.f3 gxf3
44.Kxf3 Ke7 45.Re3+ Kd6 46.Re5 Rb3+ 47.Kg2 Rb5 48.Rxf5 Rxd5 49.Rf7 Ke6 50.Rf8 Rf5
51.Re8+ Kf7 52.Re4 Rf6 53.Kf3 Rb6 54.Kg4 Kf8 55.f5 Rf6 56.Kg5 Rb6 57.Ra4 Rc6
58.Ra8+ Kf7 59.Ra7+ Kf8 60.Rh7 Rb6 61.f6 Rb1 62.Rh8+ Kf7 63.Rh7+ Kg8  1/2-1/2

[Event "ch-SCCF State"]
[Site "Los Angeles USA"]
[Date "2008.08.17"]
[Round "4"]
[White "Lawrence,Dan"]
[Black "Tanaka,C"]
[Result "1/2-1/2"]
[WhiteElo "2046"]
[BlackElo "2098"]

1.d4 Nf6 2.Bg5 g6 3.Bxf6 exf6 4.c4 Bg7 5.Nc3 O-O 6.g3 f5 7.Bg2 c5 8.e3 Nc6
9.Nge2 cxd4 10.exd4 Qb6 11.Nd5 Qxb2 12.O-O Nxd4 13.Nxd4 Qxd4 14.Ne7+ Kh8
15.Qxd4 Bxd4 16.Rad1 Bb6 17.Rd6 Re8 18.Re1 Kg7 19.Kf1 Kf8 20.Nxc8 Raxc8 21.Rxd7 Rxc4
22.Rxf7+ Kxf7 23.Bd5+ Kf6 24.Rxe8 Rc7 25.Re6+ Kg5 26.h4+ Kh6 27.Bf3 Bd4 28.Re2 b5
29.Rd2 Bc3 30.Rd6 b4 31.h5 a5 32.hxg6 hxg6 33.Bc6 Re7 34.Ba4 Re1+ 35.Kg2 Re2
36.Bb3 a4 37.Bxa4 Rxa2 38.Be8 Be1 39.Rxg6+ Kh7 40.Re6 Bxf2  1/2-1/2

[Event "Open"]
[Site "Panevezys LTU"]
[Date "2008.08.18"]
[Round "9"]
[White "Lasinskas,P"]
[Black "Dambrauskas,V"]
[Result "0-1"]
[WhiteElo "2269"]
[BlackElo "2341"]

1.d4 d5 2.Bg5 Nf6 3.Bxf6 exf6 4.e3 g6 5.c4 dxc4 6.Bxc4 Bg7 7.Nf3 O-O 8.O-O c6
9.a4 Nd7 10.Nc3 f5 11.b4 a5 12.b5 c5 13.Rc1 Nb6 14.Ba2 c4 15.Qe2 Qc7 16.Rc2 Be6
17.Rfc1 Rac8 18.Nd2 Rfd8 19.g3 Qe7 20.Ndb1 Rc7 21.Rd2 Qd6 22.Rcd1 Rdc8 23.Rc1 h5
24.h4 Re8 25.Qf3 Ra8 26.Rdc2 Qb4 27.Qe2 Nxa4 28.Nxa4 Qxa4 29.Rb2 b6 30.Nc3 Qa3
31.Nb1 Qd6 32.Bxc4 Rac8 33.Rbc2 Qb4 34.Nd2 Bf8 35.Qd3 Bxc4 36.Nxc4 Qxb5 37.d5 Rd8
38.Qd4 Rxd5 39.Qxb6 Qxb6 40.Nxb6 Rdc5 41.Rxc5 Rxc5 42.Ra1 Bg7 43.Ra4 Rb5
44.Nc8 Rb1+ 45.Kg2 Ra1 46.Nb6 Rxa4 47.Nxa4 Kf8 48.Kf3 Ke7 49.e4 Ke6 50.exf5+ Kxf5
51.Ke3  0-1

[Event "Jessie Gilbert Celebration Int"]
[Site "Coulsdon ENG"]
[Date "2008.08.19"]
[Round "4"]
[White "Paulmichl,M"]
[Black "Martyn,R"]
[Result "0-1"]
[WhiteElo "2099"]
[BlackElo "2302"]

1.d4 Nf6 2.Bg5 d5 3.Bxf6 exf6 4.e3 Bd6 5.g3 c6 6.Nd2 f5 7.Bg2 Nd7 8.Ne2 Nf6
9.O-O h5 10.h4 Ne4 11.Nxe4 fxe4 12.f4 exf3 13.Bxf3 g5 14.e4 dxe4 15.Bxe4 gxh4
16.Qd2 hxg3 17.Qe3 Be6 18.Bg6 Qe7 19.Nf4 Bxf4 20.Rxf4 fxg6 21.Re1 Kd7 22.c4 Rhe8
23.Re4 Qf7 24.Rf1 Bf5 25.Rxe8 Qxe8 26.Qb3 b6 27.d5 c5 28.Qxg3 Qe4 29.Rf4 Qb1+
30.Rf1 Qxb2 31.Qg5 Qd4+ 32.Kh2 Re8 33.Rxf5 Re2+ 34.Kg3 Qg1+  0-1

[Event "35th Open"]
[Site "Manresa ESP"]
[Date "2008.08.19"]
[Round "8"]
[White "Diamant,A"]
[Black "Gomez,Gu"]
[Result "1-0"]
[WhiteElo "2393"]
[BlackElo "2076"]

1.d4 d5 2.Bg5 Nf6 3.Nf3 e6 4.e3 Be7 5.c4 c6 6.Nc3 Nbd7 7.Bd3 dxc4 8.Bxc4 b5
9.Bd3 Bb7 10.O-O a6 11.Qe2 c5 12.Rad1 Qb6 13.Ne5 Rd8 14.Rfe1 O-O 15.Nxd7 Rxd7
16.Bxf6 Bxf6 17.dxc5 Qc7 18.Qc2 g6 19.b4 Rfd8 20.f4 Kg7 21.Be4 Rxd1 22.Rxd1 Rxd1+
23.Nxd1 Bxe4 24.Qxe4 Qd7 25.Qc2 Qd5 26.Nf2 e5 27.c6 exf4 28.c7  1-0

[Event "ch-SCCF State"]
[Site "Los Angeles USA"]
[Date "2008.08.23"]
[Round "6"]
[White "Lawrence,Dan"]
[Black "Matikozian,A"]
[Result "0-1"]
[WhiteElo "2046"]
[BlackElo "2470"]

1.d4 Nf6 2.Bg5 d5 3.Bxf6 exf6 4.g3 c6 5.Bg2 Bd6 6.e3 O-O 7.Nd2 Nd7 8.Ne2 f5
9.c4 dxc4 10.Nxc4 Bc7 11.O-O Nf6 12.Nc3 h5 13.b4 a6 14.a4 h4 15.Qe2 Re8 16.b5 hxg3
17.hxg3 cxb5 18.axb5 f4 19.bxa6 Rxa6 20.Rxa6 bxa6 21.gxf4 Bxf4 22.Qf3 Bb8
23.Rc1 Ng4 24.Ne2 Qh4 25.Ng3 Bd7 26.Nf5 Qh2+ 27.Kf1 Qh5 28.Ng3 Qh4 29.Qd5 Bb5
30.Kg1 Bxg3 31.fxg3 Qh2+  0-1

[Event "TCh-MNE Premier"]
[Site "Herceg Novi MNE"]
[Date "2008.08.25"]
[Round "1"]
[White "Kosic,D"]
[Black "Lekic,D"]
[Result "1/2-1/2"]
[WhiteElo "2516"]
[BlackElo "2377"]

1.d4 Nf6 2.Bg5 d5 3.Nd2 Nbd7 4.Ngf3 h6 5.Bf4 e6 6.e3 Be7 7.h3 c6 8.Bd3 b6
9.c3 Bb7 10.Ne5 Nxe5 11.Bxe5 a6 12.Qf3 c5 13.Qg3 c4 14.Bc2 g6 15.O-O b5 16.Rfe1 Rg8
17.e4 Nxe4 18.Nxe4 dxe4 19.Bxe4 Bxe4 20.Rxe4 Qd5 21.Re2 g5 22.Qg4 Rg6 23.Bh2 Rd8
24.Rae1 Qc6 25.Re5 Kf8 26.R5e2 Rd5 27.Be5 Kg8 28.Qf3 Qd7 29.Re3 Bd8 30.Qe2 Bb6
31.b3 Qc6 32.bxc4 bxc4 33.Qc2 Bc7 34.Bxc7 Qxc7 35.Re5 Rf6 36.Qa4 a5 37.Rxd5 exd5
38.Re5 Qb6 39.Qc2 Qc6 40.Qb2 Re6 41.Qb8+ Kg7 42.Kh2 Rxe5 43.Qxe5+ Kg6 44.g4  1/2-1/2

[Event "MCF GM"]
[Site "Kuala Lumpur MAS"]
[Date "2008.08.27"]
[Round "2"]
[White "Rahman,Zia"]
[Black "Mas,H"]
[Result "1/2-1/2"]
[WhiteElo "2564"]
[BlackElo "2386"]

1.d4 Nf6 2.Bg5 d5 3.e3 c5 4.Bxf6 gxf6 5.Bb5+ Nc6 6.dxc5 e6 7.c4 dxc4 8.Nc3 Qxd1+
9.Rxd1 Bxc5 10.Nf3 Ke7 11.O-O Na5 12.Ne4 Bb6 13.Nfd2 f5 14.Nc3 a6 15.Nxc4 Nxc4
16.Bxc4 Bd7 17.Bd5 Rab8 18.Bf3 Rhc8 19.Rc1 Rc7 20.Ne2 Rbc8 21.Rxc7 Rxc7 22.Rc1 Kd8
23.Rxc7 Kxc7 24.Nf4 Bc5 25.Bh5 f6 26.Kf1 Kd6 27.Nd3 Ba7 28.Ke2 Bb5 29.Kd2 Bxd3
30.Kxd3 f4  1/2-1/2

[Event "XLII Open"]
[Site "Mislata ESP"]
[Date "2008.08.27"]
[Round "4"]
[White "Puerto Traver,J"]
[Black "Pardo Simon,D"]
[Result "1/2-1/2"]
[WhiteElo "2132"]
[BlackElo "2204"]

1.d4 Nf6 2.Bg5 c5 3.Bxf6 gxf6 4.d5 Qb6 5.Qc1 Bg7 6.c3 f5 7.e3 d6 8.Nh3 Nd7
9.Nd2 Nf6 10.Nf4 e5 11.dxe6 fxe6 12.Be2 O-O 13.O-O Kh8 14.c4 e5 15.Nd5 Nxd5
16.cxd5 e4 17.Nc4 Qd8 18.a4 Rf6 19.f4 Bd7 20.Qd2 Rh6 21.Rf2 Qe7 22.g3 Rg8
23.Rg2 Bf6 24.Ra2 Rhg6 25.b4 b6 26.b5 R6g7 27.Bh5 Rd8 28.Kf2 Be8 29.Qd1 Qd7
30.Kg1 Bxh5 31.Qxh5 Rdg8 32.Rad2 Rg4 33.Rd1 R8g6 34.Kf2 Rg8 35.h3 R4g7 36.Rdg1 Bd8  1/2-1/2

[Event "2nd Open"]
[Site "Urumia IRI"]
[Date "2008.08.27"]
[Round "2"]
[White "Samavat,M"]
[Black "Sharbaf,M"]
[Result "0-1"]
[WhiteElo "2061"]
[BlackElo "2417"]

1.d4 Nf6 2.Bg5 d5 3.Bxf6 gxf6 4.e3 c6 5.c4 Rg8 6.cxd5 cxd5 7.Nc3 Nc6 8.g3 e6
9.Nge2 Qb6 10.Qd2 Bd7 11.Nf4 Rc8 12.Bg2 Na5 13.Qe2 Nc4 14.Rb1 Nxe3 15.fxe3 Rxc3
16.Bxd5 exd5 17.Nxd5 Qc6 18.Nxf6+ Qxf6 19.bxc3 Bc6 20.Rf1 Qg6 21.Kd2 Bh6
22.c4 Be4 23.Rb3 Qa6 24.Kc3 Rg6 25.Kb2 Bf8 26.Qh5 Qxc4 27.Qe5+ Re6 28.Qb8+ Ke7
29.Rxb7+ Bxb7 30.Qxb7+ Kd8 31.Qa8+ Qc8 32.Qxc8+ Kxc8 33.Rxf7 Bd6 34.Rxa7 Bc7
35.Ra8+ Bb8 36.Ra5 Rh6 37.Rc5+ Kd7 38.Rc2 Re6 39.Re2 Rc6 40.e4 Rc4 41.Rd2 Ba7
42.Kb3 Rc8 43.g4 Kd6 44.h4 Re8 45.e5+ Kd5 46.Rf2 Rb8+ 47.Kc2 Bxd4 48.Rf7 Ke4
49.e6 Rb2+ 50.Kc1 Rb8 51.Kc2 Rb2+ 52.Kc1 Kd3 53.Rf3+ Kc4 54.e7 Re2 55.Rf7 Bc5
56.Kd1 Re6 57.Rxh7 Bxe7 58.g5 Kd3 59.Rh6 Re4 60.Kc1 Ba3+ 61.Kd1 Bb4 62.Kc1 Bc3
63.Rd6+ Bd4 64.Kd1 Rxh4 65.Re6 Rh1+ 66.Re1 Rh2  0-1

[Event "TCh-MNE Premier"]
[Site "Herceg Novi MNE"]
[Date "2008.08.30"]
[Round "6"]
[White "Dragasevic,S"]
[Black "Mrsevic,M"]
[Result "0-1"]
[WhiteElo "2288"]
[BlackElo "2309"]

1.d4 Nf6 2.Bg5 d5 3.Nd2 Nbd7 4.Ngf3 g6 5.e3 Bg7 6.Be2 b6 7.O-O Bb7 8.a4 O-O
9.c3 Ne4 10.Bf4 h6 11.h3 f5 12.Bh2 g5 13.a5 a6 14.axb6 cxb6 15.c4 e6 16.cxd5 exd5
17.Ne1 f4 18.Nd3 Re8 19.Nf3 fxe3 20.fxe3 b5 21.Nfe5 Nxe5 22.Nxe5 Qb6 23.Nd7 Qd8
24.Bg4 Bc8 25.Qf3 Re7 26.Ne5 Bxg4 27.Qxg4 Qc8 28.Qxc8+ Rxc8 29.Rxa6 Rc2 30.b4 Nd2
31.Ra8+ Kh7 32.Re1 Nc4 33.Rd8 Ra7 34.Rd7 Raa2 35.Nf3 Rxg2+ 36.Kh1 Rgf2 37.Be5 Rxf3
38.Rxg7+ Kh8 39.Ra7+ Nxe5 40.Rxa2 Nd3 41.Ree2 Rxh3+ 42.Kg2 g4 43.Ra7 h5 44.Rc7 h4
45.Kg1 Rg3+ 46.Rg2 Rxg2+ 47.Kxg2 Ne1+ 48.Kf1 h3 49.Kg1 g3 50.Rf7 h2+  0-1

[Event "TCh-MNE Premier"]
[Site "Herceg Novi MNE"]
[Date "2008.08.30"]
[Round "6"]
[White "Milovic,J"]
[Black "Lekic,D"]
[Result "1/2-1/2"]
[WhiteElo "2275"]
[BlackElo "2377"]

1.d4 Nf6 2.Bg5 d5 3.e3 e6 4.Nf3 Be7 5.c4 O-O 6.Nc3 h6 7.Bxf6 Bxf6 8.cxd5 exd5
9.Bd3 c5 10.dxc5 Bxc3+ 11.bxc3 Nd7 12.Rc1 Nxc5 13.Bb1 b6 14.O-O Ba6 15.Re1 Bc4
16.Ne5 Qf6 17.Nxc4 dxc4 18.Qd4 Qe6 19.Rcd1 Rac8 20.e4 Rc7 21.Qe3 Nd3 22.Re2 Rd8
23.Red2 Rcd7 24.f4 b5 25.Bxd3 Rxd3 26.Rxd3 Rxd3 27.Rxd3 cxd3 28.Qxd3 Qxa2  1/2-1/2

[Event "MCF GM"]
[Site "Kuala Lumpur MAS"]
[Date "2008.08.30"]
[Round "5"]
[White "Rahman,Zia"]
[Black "Zhang Xiaowen"]
[Result "0-1"]
[WhiteElo "2564"]
[BlackElo "2382"]

1.d4 Nf6 2.Bg5 c5 3.Bxf6 gxf6 4.d5 Qb6 5.Qc1 f5 6.c4 Bg7 7.Nc3 d6 8.e3 Nd7
9.Nh3 Nf6 10.Bd3 Ne4 11.Nd1 Qa5+ 12.Ke2 b5 13.cxb5 a6 14.f3 c4 15.Qxc4 Qd2+
16.Kf1 Nc5 17.Nf4 axb5 18.Qc2 Qxc2 19.Bxc2 b4 20.Nh5 Bh6 21.Kf2 Bb7 22.b3 Bxd5
23.Nb2 Be6 24.h3 Rc8 25.Rac1 d5 26.Rhd1 O-O 27.g4 fxg4 28.hxg4 f5 29.g5 Bxg5
30.Rg1 h6 31.f4 Bf7 32.Ng3 Bh4 33.Kf3 Kh8 34.Rh1 Bxg3 35.Rxh6+ Kg7 36.Rch1 Be1
37.Rh7+ Kf6 38.Rxe1 Ne4 39.Rh6+ Kg7 40.Rh2 Rg8 41.Rg1+ Kf6 42.Rh6+ Rg6 43.Rhxg6+ Bxg6
44.Bxe4 fxe4+ 45.Kg3 Rc3 46.Nd1 Rd3 47.Re1 d4 48.Nb2 Rc3 49.Na4 d3 50.Nb2 Rc2
51.Nc4 Bh5 52.Rh1 Bf7 53.Ne5 Rxa2 54.Nxf7 Kxf7 55.f5 Rb2 56.Kf4 Rxb3 57.Kxe4 Rc3
58.Rb1 d2 59.Rd1 Rc2 60.Kd3 b3 61.e4 Kf6 62.Rh1 Rc1 63.Rh6+ Kf7  0-1

[Event "Masters"]
[Site "Trieste ITA"]
[Date "2008.08.31"]
[Round "1"]
[White "De Val,D"]
[Black "Tiviakov,S"]
[Result "0-1"]
[WhiteElo "2233"]
[BlackElo "2645"]

1.d4 Nf6 2.Bg5 d5 3.Bxf6 gxf6 4.e3 c5 5.g3 Qb6 6.Nc3 e6 7.Rb1 Nc6 8.Nge2 cxd4
9.exd4 f5 10.a3 Bd7 11.Na2 Bd6 12.Bg2 Ne7 13.c3 h5 14.Nb4 h4 15.Qc1 Rc8 16.O-O Bb5
17.Re1 Qc7 18.f4 Kd7 19.Qe3 Bxb4 20.axb4 Rh7 21.Nc1 Ng8 22.Rd1 Nf6 23.Qe5 Ng4
24.Qxc7+ Kxc7 25.Bf1 Bxf1 26.Rxf1 hxg3 27.hxg3 Rch8 28.Nd3 Rh1+  0-1

[Event "TCh-SRB 1st League"]
[Site "Subotica SRB"]
[Date "2008.09.01"]
[Round "1"]
[White "Perunovic,Mio"]
[Black "Zakic,Sr"]
[Result "1/2-1/2"]
[WhiteElo "2419"]
[BlackElo "2357"]

1.d4 Nf6 2.Bg5 c5 3.d5 g6 4.Nc3 Bg7 5.e4 d6 6.Qd2 O-O 7.Bh6 a6 8.Bxg7 Kxg7
9.f4 e6 10.dxe6 Bxe6 11.O-O-O Qa5 12.a3 b5 13.Qe3 b4 14.Nb1 Nc6 15.f5 Ba2
16.Rxd6 Nd4 17.Nf3 Bxb1 18.Nxd4 Qc7 19.Rc6 cxd4 20.Rxc7 dxe3 21.Kxb1 Nxe4
22.fxg6 hxg6 23.axb4 Rfd8 24.Bd3 Nf2 25.Re1 Nxd3 26.cxd3 Rxd3 27.Re7 Rd2
28.R1xe3 Rxg2 29.Rf3 Rf8 30.h3 Rd2 31.Ka2 Rd6 32.Ka3 g5 33.b5 axb5 34.Re5 Kg6
35.Rxb5 f5 36.b4 f4 37.Rc5 Rf5 38.Kb3 Rff6 39.b5 Rfe6 40.Kb4 Kf6 41.h4 Re4+
42.Rc4  1/2-1/2

[Event "TCh-SRB 1st League"]
[Site "Subotica SRB"]
[Date "2008.09.01"]
[Round "1"]
[White "Sedlak,N"]
[Black "Vukic,M"]
[Result "1-0"]
[WhiteElo "2576"]
[BlackElo "2457"]

1.d4 Nf6 2.Bg5 d5 3.e3 c6 4.Bxf6 exf6 5.g3 Be6 6.Bg2 f5 7.Ne2 Bd6 8.b3 Nd7
9.O-O Nf6 10.Qd3 O-O 11.c4 Qa5 12.c5 Be7 13.a3 b5 14.b4 Qc7 15.a4 bxa4 16.Nbc3 a5
17.b5 cxb5 18.Nxb5 Qc6 19.Nbc3 Rfb8 20.Nxa4 Bd8 21.Qc2 Bc7 22.Nc1 Qb7 23.Nd3 Qb3
24.Rfc1 Qxc2 25.Rxc2 Rb3 26.Bf1 Ne4 27.f3 Nf6 28.Nc3 Rab8 29.Be2 Bd7 30.Bd1 Bc6
31.Rcc1 R3b7 32.Ba4 Bxa4 33.Nxa4 Rb3 34.Nc3 g5 35.c6 Re8 36.Nc5 Rb2 37.Nd7 Nxd7
38.cxd7 Rxe3 39.Na4  1-0

[Event "Masters"]
[Site "Trieste ITA"]
[Date "2008.09.02"]
[Round "4"]
[White "De Val,D"]
[Black "Palac,M"]
[Result "0-1"]
[WhiteElo "2233"]
[BlackElo "2587"]

1.d4 Nf6 2.Bg5 c5 3.Bxf6 gxf6 4.d5 Qb6 5.Qc1 f5 6.g3 Bg7 7.c3 Na6 8.Bg2 Nc7
9.Nd2 d6 10.Nh3 Bd7 11.Nf4 Bh6 12.Qc2 Qa6 13.Qd3 Bxf4 14.gxf4 Qxd3 15.exd3 Rg8
16.Bf3 e6 17.Nc4 exd5 18.Nxd6+ Ke7 19.Nxb7 Rab8 20.Nxc5 Rxb2 21.Kf1 Rc2 22.Re1+ Be6
23.d4 Rxc3 24.Re3 Rc1+ 25.Re1 Rc3 26.Re3 Rc1+ 27.Re1 Rxe1+ 28.Kxe1 Rb8 29.Nb3 Bd7
30.Kd2 Kd6 31.Bh5 Ba4 32.Kc3 Bxb3 33.axb3 Nb5+ 34.Kd3 Rc8 35.Bxf7 Rc3+ 36.Kd2 Rxb3
37.Ra1 Rb4 38.Ra6+ Ke7 39.Bg8 Rxd4+ 40.Ke3 Kf8 41.Bxh7 Re4+ 42.Kf3 Nd4+ 43.Kg3 Re1
44.Rxa7 Rg1+ 45.Kh3 Rg7 46.Ra8+ Kf7 47.Rh8 Rg1 48.Rd8 Ne6 49.Rd7+ Ke8 50.Ra7 Nxf4+
51.Kh4 Rg4+  0-1

[Event "6th Master Open"]
[Site "Amantea ITA"]
[Date "2008.09.03"]
[Round "4"]
[White "Damia,A"]
[Black "Isonzo,D"]
[Result "1/2-1/2"]
[WhiteElo "2247"]
[BlackElo "2362"]

1.d4 Nf6 2.Bg5 d5 3.Nc3 Nbd7 4.Qd3 e6 5.O-O-O Be7 6.f3 c5 7.e4 dxe4 8.Nxe4 Nxe4
9.Bxe7 Qxe7 10.Qxe4 O-O 11.d5 Qg5+ 12.f4 Nf6 13.Qf3 Qh6 14.d6 Bd7 15.Bd3 Bc6
16.Qf2 b5 17.c3 c4 18.Bc2 b4 19.Ne2 bxc3 20.Nxc3 Nd5 21.Rhf1 Rfd8 22.g3 Nxc3
23.bxc3 Bd5 24.Qd2 g6 25.f5 Qg7 26.fxe6 fxe6 27.Rf4 Rxd6 28.Rdf1 Rad8 29.Rf7 Qxf7
30.Rxf7 Kxf7  1/2-1/2